Zoología : pruebas de evaluación /
Guardado en:
| Autor Principal: | |
|---|---|
| Formato: | Libro |
| Publicado: |
Buenos Aires :
Diagraf,
1970
|
| Materias: | |
| Etiquetas: |
Agregar Etiqueta
Sin Etiquetas, Sea el primero en etiquetar este registro!
|
| LEADER | 00677nam a22001815a 4500 | ||
|---|---|---|---|
| 001 | CEM.cems006465 | ||
| 005 | 20060214000000.0 | ||
| 008 | 130507s1970##################000#0#####d | ||
| 003 | CEMS | ||
| 082 | 0 | 4 | |a 590 |
| 100 | 1 | |a Vattuone, Lucy F De | |
| 245 | 1 | 0 | |a Zoología : |b pruebas de evaluación / |
| 260 | |a Buenos Aires : |b Diagraf, |c 1970 | ||
| 300 | |a 55 p. | ||
| 505 | 0 | |a Zoolog¡a y biolog¡a.- La c'lula.- Los tejidos.-Los ¢rganos y sus funciónes. - Gen'tica animal.- Desarrollo de los animales.- Ecolog¡a animal.- Evoluci¢n de los animales.- Zoolog¡a especial | |
| 653 | |a Zoologia | ||
| 653 | |a Zoologia-evaluacion | ||
| 859 | |a CEMS |b BIB. CEMS - 11 de abril |h 590 |i V459 |p 12608.83 |t Ej.1 | ||
